Marketing efectively tiếp thị hiệu quả

Enregistré dans:
Détails bibliographiques
Auteur principal: Heller, Robert
Format: Livre
Langue:Undetermined
Publié: Thành phố Hồ Chí Minh Tổng hợp Thành phố Hồ Chí Minh 2004
Sujets:
Tags: Ajouter un tag
Pas de tags, Soyez le premier à ajouter un tag!
Thư viện lưu trữ: Trung tâm Học liệu Trường Đại học Cần Thơ
LEADER 00628nam a2200205Ia 4500
001 CTU_74240
008 210402s9999 xx 000 0 und d
020 |b 24000 
082 |a 658.8 
082 |b H477 
100 |a Heller, Robert 
245 0 |a Marketing efectively tiếp thị hiệu quả 
245 0 |c Robert Heller ; Lê Ngọc Phương Anh 
260 |a Thành phố Hồ Chí Minh 
260 |b Tổng hợp Thành phố Hồ Chí Minh 
260 |c 2004 
650 |a Marketing 
650 |x Management 
904 |i Năm, Qhieu 
980 |a Trung tâm Học liệu Trường Đại học Cần Thơ